000 00540nam a2200193Ia 4500
008 160319s9999 xx 000 0 und d
245 _aMadagascar /
260 _aUnited States :
260 _bDreamWorks Animation Distribution LLC,
260 _c2005
300 _a1 DVD-video (approximately 85 min.) :
300 _bdigital, sound color ;
300 _c4 3/4 in.
650 _aAnimal films.
650 _aAnimated films.
650 _aComedy films.
650 _xFeature films.
700 _aDarnell, Eric, 1961-, Director.
999 _c292553
_d292553